| 000 | 01000nam a22002297a 4500 | ||
|---|---|---|---|
| 001 | 74631 | ||
| 003 | BD-RjUL | ||
| 005 | 20211209082600.0 | ||
| 008 | 181108s2018 bg a|||| b||| 001 0 ben d | ||
| 035 | _a(BD-RjUL)74849 | ||
| 040 |
_aBD-RjUL _beng _cBD-RjUL |
||
| 041 | _aeng | ||
| 082 |
_223 _a720.9541 _bRAS 2018 |
||
| 100 |
_aরহমান, কাজী মোঃ মোস্তাফিজুর _9224734 |
||
| 245 |
_aশিল্পীর তুলিতে বাংলার মুসলিম স্থাপত্য / _cকাজী মোঃ মোস্তাফিজুর রহমান |
||
| 260 |
_aঢাকা : _bমাওলা ব্রাদার্স, _c২০১৮ |
||
| 300 |
_axviii, ১১২ পৃ. : _bচিত্র ; _c২৫ সেমি. |
||
| 504 | _aবিবলিওগ্রাফি ও ইনডেক্স সম্বিলত। | ||
| 650 |
_aIslamic architecture _9224735 |
||
| 650 |
_aArchitecture _zIndia _zBengal. _9224736 |
||
| 942 |
_2ddc _cBK |
||
| 999 |
_c74631 _d74631 |
||